00238nam a2200097Ia 4500008004000000082001700040100002900057245002100086260002500107300000800132210210b1965 xxu||||| |||| 00| 0 eng d a320.532 GIDG aGIDE (Andre) and Others. aGod that failed. abBantam booksc1965 a248